000 00523nam a22001577a 4500
008 220223b |||||||| |||| 00| 0 eng d
020 _a9780804125079
050 _aR 858.5 .P75 2014
100 _aPrinceton, Review
245 _aMCAT physics and math review : for MCAT 2015 /
_cPrinceton, Review
260 _aUS:
_bRandom House,
_c2014.
300 _ax,1069p. :
_bill. ;
_c38cm
500 _aincludes bibliographical references and index.
600 _2Medical
942 _2lcc
_cBOOKS
_hR 858.5 .P75 2014
999 _c31143
_d31143